Formula One Race Winners 1990s - Sudden Death - Statistics

General Stats
  • This quiz has been taken 232 times
  • The average score is 10 of 17
Answers on the Grid
Answers color-coded by a green-red scale on the quiz's grid according to % correct below.
Alain Prost
David Coulthard
Eddie Irvine
Riccardo Patrese
Alessandro Nannini
Mark Blundell
Heinz-Harald Frentzen
Jacques Villeneuve
Jarno Trulli
Jean Alesi
Mika Salo
Johnny Herbert
Jos Verstappen
Ayrton Senna
Gerhard Berger
Michael Schumacher
Michele Alboreto
Damon Hill
Mika Häkkinen
Juan Pablo Montoya
Nigel Mansell
Olivier Panis
Nelson Piquet
Pedro de la Rosa
Ralf Schumacher
René Arnoux
Rubens Barrichello
Thierry Boutsen
 
Answer Stats
Answer % Correct
Alain Prost
89%
David Coulthard
76%
Jacques Villeneuve
76%
Ayrton Senna
72%
Eddie Irvine
72%
Michael Schumacher
72%
Mika Häkkinen
67%
Damon Hill
65%
Nigel Mansell
62%
Heinz-Harald Frentzen
61%
Jean Alesi
54%
Gerhard Berger
52%
Riccardo Patrese
50%
Johnny Herbert
46%
Nelson Piquet
43%
Olivier Panis
39%
Thierry Boutsen
28%
No matching quizzes found
Score Distribution
Percent of People with Each Score
Percentile by Number Answered
Your Score History
You have not taken this quiz